000 01273nam a2200349 i 4500
001 000045677
003 DO-SdBNP
005 20251124081932.0
007 ta
008 150424s1987 dr 000 0 spa d
040 _aDO-SdBNP
_bspa
_cBNPHU
_erda
041 _aspa
082 _axxxx
_bC117a
_222
100 1 _aCabral, Manuel del,
_d1907-1999
_eautor
_923556
245 1 0 _aAntología tres /
_cManuel del Cabral ; presentación Fernando Sánchez Martínez.
264 _aSanto Domingo :
_bUniversitaria-UASD,
_c1987
300 _a281 páginas ;
_c21 cm.
336 _ardacontent
_btexto
_2txt
337 _ardamedia
_bsin mediación
_2n
338 _ardacarrier
_bvolumen
_2nc
490 1 _aPublicaciones de la Universidad Autónoma de Santo Domingo
_v556
490 1 _aArte y sociedad
_v28
500 _aPerteneció a la biblioteca personal de Erick Landestoy.
505 0 _aPalabra --
_tCédula del mar --
_tPoemas de amor y sexo.
590 _aInventariado, 2025/DG
700 1 2 _aSánchez Martínez, Fernando,
_epresentación
_97183
710 1 2 _aUniversidad Autónoma de Santo Domingo
_972951
830 0 _aPublicaciones de la Universidad Autónoma de Santo Domingo.
_n556
_973734
830 0 _aArte y sociedad.
_n28
_973735
910 _aDG
942 _2ddc
_cLBS1
999 _c45166
_d45166